Povinnosti zamestnávateľa v sociálnom a zdravotnom poistení od 1. 1. 2005
Oblasť sociálneho a zdravotného poistenia po 1. januári 2005 upravujú zákony: č. 461/2003 Z.z. o sociálnom poistení, zákon č. 43/2004 Z.z. o starobnom dôchodkovom sporení a zákon č. 580/2004 Z.z. o zdravotnom poistení. Zhrnutie povinností zamestnávateľa vyplývajúcich z dôchodkovej reformy a reformy...
Salvato in:
| Autore principale: | |
|---|---|
| Natura: | Capitolo di libro |
| Lingua: | slovacco |
| Soggetti: | |
| Tags: |
Nessun Tag, puoi essere il primo ad aggiungerne!!
|
MARC
| LEADER | 00000naa$a2200000$$$4500 | ||
|---|---|---|---|
| 001 | 0023353 | ||
| 005 | 20231109090418.3 | ||
| 041 | 0 | |a slo | |
| 044 | |a SK | ||
| 245 | 1 | 0 | |a Povinnosti zamestnávateľa v sociálnom a zdravotnom poistení od 1. 1. 2005 |c Jozef Mihál |
| 520 | |a Oblasť sociálneho a zdravotného poistenia po 1. januári 2005 upravujú zákony: č. 461/2003 Z.z. o sociálnom poistení, zákon č. 43/2004 Z.z. o starobnom dôchodkovom sporení a zákon č. 580/2004 Z.z. o zdravotnom poistení. Zhrnutie povinností zamestnávateľa vyplývajúcich z dôchodkovej reformy a reformy zdravotníctva. | ||
| 610 | 2 | 0 | |a poistenie nemocenské |
| 610 | 2 | 0 | |a poistenie starobné |
| 610 | 2 | 0 | |a poistenie zdravotné |
| 610 | 2 | 0 | |a poistenie sociálne |
| 610 | 2 | 0 | |a reformy dôchodkové |
| 610 | 2 | 0 | |a zamestnávatelia |
| 610 | 2 | 0 | |a úpravy právne |
| 610 | 2 | 0 | |a Slovensko |
| 100 | 1 | |a Mihál, Jozef | |